| 000 | 01017nam a22001937a 4500 | ||
|---|---|---|---|
| 008 | 110721s1971 ua||||| |||| 00| 0 ara d | ||
| 082 |
_222 _a240 _bر س ا |
||
| 245 |
_aرسائل العدل والتوحيد / _cالحسن البصري...]وآخ]؛ دراسة وتحقيق محمد عمارة |
||
| 260 |
_aالقاهرة : _bدار الهلال، 1971 _c1971 |
||
| 300 |
_a2 مج ؛ _c22 سم |
||
| 505 | _aرسالة في القدر / الحسن البصري -- كتاب أصول العدل والتوحيد / القاسم الرسي -- المختصر في اصول الدين / القاضي عبد الجبار -- إنقاذ البشر من الجبر والقدر / الشريف المرتضى | ||
| 650 |
_916065 _aعلم الكلام |
||
| 653 |
_bGeneral _cJuly2011 |
||
| 740 | _aرسالة في القدر | ||
| 740 | _aكتاب أصول العدل والتوحيد | ||
| 740 | _aالمختصر في أصول الدين | ||
| 740 | _aإنقاذ البشر من الجبر والقدر | ||
| 942 |
_2ddc _cBB |
||
| 999 |
_c15720 _d15720 |
||